Microcontroladores PIC: diseño práctico de aplicaciones. Primera parte: El PIC 16F84. Lenguajes PBASIC y Ensamblador

Guardat en:
Dades bibliogràfiques
Autors principals: Angulo Usategui, José María (Autor), Angulo Martínez, Ignacio (Autor)
Format: Llibre
Idioma:espanyol
Publicat: Madrid McGraw-Hill Interamericana 2003
Edició:3a. ed
Matèries:
Etiquetes: Afegir etiqueta
Sense etiquetes, Sigues el primer a etiquetar aquest registre!

MARC

LEADER 00000nam a2200000 a 4500
001 UCL2294
003 CL-VaPUC
008 031017e20030000SP |||||||||||||||||spa|d
020 |a 8448137884 
082 0 4 |a 621.38132  |b ANG  |2 21 
100 0 |a Angulo Usategui, José María  |e author  |9 479373 
700 0 |a Angulo Martínez, Ignacio  |e author  |9 479374 
245 1 0 |a Microcontroladores PIC: diseño práctico de aplicaciones. Primera parte: El PIC 16F84. Lenguajes PBASIC y Ensamblador 
250 |a 3a. ed 
300 |a 357 p 
942 |c BK 
945 |d 20031017 00:00:00  |a cmena 
260 |a Madrid  |b McGraw-Hill Interamericana  |c 2003 
500 |a Incluye Cd-Rom con aplicaciones y tutoriales multimedia 
650 7 |a MICROCHIPS  |2 CL-VaPUC  |9 466076 
650 7 |a DISEÑO DE HARDWARE  |2 CL-VaPUC  |9 466077 
650 7 |a MICROELECTRONICA  |2 CL-VaPUC  |9 271910 
650 7 |a COMPUTADORES - MICROCONTROLADORES  |2 CL-VaPUC  |9 466078 
583 |a last modification  |c 20031017 00:00:00  |k Rodrigo Vera 
999 |c 305638  |d 305636 
952 |0 0  |1 0  |2 ddc  |4 0  |6 621_381320000000000_ANG_2003  |7 0  |8 A  |9 369795  |a BIBING  |b BIBING  |c RES  |d 2019-11-21  |i 3952614  |o 621.38132 ANG 2003  |p 3952614  |r 2025-01-20  |w 2019-11-21  |y BK  |k EIE 
952 |0 0  |1 0  |2 ddc  |4 0  |6 621_381320000000000_ANG_2003  |7 0  |8 A  |9 369796  |a BIBING  |b BIBING  |c RES  |d 2019-11-21  |i 3952622  |o 621.38132 ANG 2003  |p 3952622  |r 2025-01-20  |w 2019-11-21  |y BK  |k EIE 
952 |0 0  |1 0  |2 ddc  |4 0  |6 621_381320000000000_ANG_2003  |7 0  |8 A  |9 369797  |a BIBING  |b BIBING  |c RES  |d 2019-11-21  |i 3952630  |o 621.38132 ANG 2003  |p 3952630  |r 2025-01-20  |w 2019-11-21  |y BK  |k EIE 
952 |0 0  |1 0  |2 ddc  |4 0  |6 621_381320000000000_ANG_2003  |7 0  |8 A  |9 369798  |a BIBING  |b BIBING  |c RES  |d 2019-11-21  |i 3956172  |o 621.38132 ANG 2003  |p 3956172  |r 2025-01-20  |w 2019-11-21  |y BK  |k EIE 
952 |0 0  |1 0  |2 ddc  |4 0  |6 621_381320000000000_ANG_2003  |7 0  |8 A  |9 369799  |a BIBING  |b BIBING  |c RES  |d 2019-11-21  |i 3956180  |o 621.38132 ANG 2003  |p 3956180  |r 2025-01-20  |w 2019-11-21  |y BK  |k EIE 
952 |0 0  |1 0  |2 ddc  |4 0  |6 621_381320000000000_ANG_2003  |7 0  |8 A  |9 369800  |a BIBING  |b BIBING  |c RES  |d 2019-11-21  |i 3956199  |o 621.38132 ANG 2003  |p 3956199  |r 2025-01-20  |w 2019-11-21  |y BK  |k EIE